00720nam a22002177a 4500003001100000005001700011008004100028020001500069040003900084041000800123082001500131100001900146245007400165260004900239300006500288650001700353650002000370942000700390952009000397999001500487LK-CoMWRAF20231206133040.0230929b1969 |||||||| |||| 00| 0 eng d a0226633063 aLK-CoMWRAFdLK-CoMWRAFeLK-CoMWRAF aeng a970.3bORT aOrtiz, Alfonso aThe Tewa world:bspace, time, being, and becoming in a Pueblo society aChicago:bUniversity of Chicago Press,c1969 axviii, 197 p. illus. 24 cm.bBibliography and index included aTEWA INDIANS aSan Juan Pueblo cBK 00104070aMAINbMAINd2023-09-29l0o970.3 ORTpRAF1541r2023-09-29w2023-09-29yBK c3750d3750